[Event "TCh-NOR Open"]
[Site "Oslo NOR"]
[Date "2006.06.11"]
[Round "5"]
[White "Nordahl,H"]
[Black "Hansen,TR"]
[Result "1/2-1/2"]
[WhiteElo "2374"]
[BlackElo "2319"]

1.d4 Nf6 2.c4 e6 3.Nf3 Bb4+ 4.Bd2 Qe7 5.g3 Nc6 6.Bg2 Bxd2+ 7.Nbxd2 d6 8.O-O a5
9.e4 e5 10.d5 Nb8 11.Ne1 O-O 12.Nd3 Na6 13.a3 c6 14.b4 cxd5 15.cxd5 axb4
16.axb4 Bd7 17.Nc4 Bb5 18.Qb3 Bxc4 19.Qxc4 Rac8 20.Qb3 Rc7 21.Rfc1 Rfc8 22.Rxc7 Qxc7
23.Rc1 Qd8 24.Rc4 Rxc4 25.Qxc4 h6 26.b5 Nb8 27.Bh3 Nbd7 28.Bxd7 Nxd7 29.Kg2 Kh7
30.Qb4 Qc7 31.Nb2 Nb6 32.Qa5 Qc5 33.Na4 Nxa4 34.Qxa4 b6 35.h4 g6 36.Qb3 h5
37.Qd3 Kg7 38.f4 Qc1 39.fxe5  1/2-1/2

[Event "10th Heraclion Open"]
[Site "Athens GRE"]
[Date "2006.06.13"]
[Round "4"]
[White "Simeonidis,I"]
[Black "Koerant,F"]
[Result "1/2-1/2"]
[WhiteElo "2307"]
[BlackElo "2111"]

1.d4 Nf6 2.Nf3 e6 3.c4 Bb4+ 4.Bd2 Qe7 5.g3 Nc6 6.Nc3 Bxc3 7.Bxc3 Ne4 8.Rc1 Nxc3
9.Rxc3 O-O 10.Bg2 d6 11.O-O e5 12.d5 Nb8 13.Nd2 a5 14.c5 Na6 15.cxd6 cxd6
16.Nc4 Nc5 17.Ra3 Qc7 18.b4 Na6 19.Nxa5 Nxb4 20.Qa4 b6 21.Qxb4 Rxa5 22.Rb1 Rc5
23.h3 Rc1+ 24.Rxc1 Qxc1+ 25.Kh2 Qc5 26.Qxc5 bxc5 27.Ra7 Rd8 28.Be4 g6 29.Bd3 Bf5
30.e4 c4 31.Bc2 Bd7 32.a4 Kg7 33.Rc7 Be8 34.Rxc4 Ra8 35.Kg2 Kf6 36.h4 Ke7
37.Kf3 Kd8 38.Ke3 Rb8 39.Kd2 f6 40.Kc3 h6 41.Bd3 Ra8 42.Kb4 Rxa4+ 43.Kb3 Rxc4
44.Kxc4 g5  1/2-1/2

[Event "Open A"]
[Site "Voronezh RUS"]
[Date "2006.06.14"]
[Round "3"]
[White "Gurin,A"]
[Black "Sluzhbina,A"]
[Result "1/2-1/2"]
[WhiteElo "2288"]
[BlackElo "2187"]

1.d4 Nf6 2.c4 e6 3.Nf3 Bb4+ 4.Bd2 Qe7 5.Qc2 Bxd2+ 6.Nfxd2 d6 7.e3 e5 8.dxe5 dxe5
9.Nc3 c6 10.Be2 O-O 11.O-O Ne8 12.e4 Nc7 13.Rad1 Ne6 14.Nf3 Nf4 15.Rd2 f5
16.Bd1 Ng6 17.Re1 f4 18.a3 Be6 19.Be2 Nd7 20.Red1 Rad8 21.b4 Nh4 22.c5 Nxf3+
23.Bxf3 Rf6 24.Rd6 g5 25.Qe2 Bb3 26.R1d2 Rxd6 27.Rxd6 Nf6 28.Rd3 Rd4 29.Qd2 Qd7
30.Be2 Kf8 31.f3 Rxd3 32.Qxd3 Qxd3 33.Bxd3 Nd7 34.Kf2 b6 35.cxb6 axb6 36.Ke2 Ke7
37.Nb1 b5 38.Nd2 Be6 39.Kd1 g4 40.fxg4 Bxg4+ 41.Ke1 Nf8 42.Kf2 Kd6 43.Nb3 Ne6
44.g3 Bh5 45.Na5 Kc7 46.Nb3 Bg6 47.h4 Kd6 48.Na5 Be8 49.Kf3 fxg3 50.Kxg3 c5
51.bxc5+ Nxc5 52.Bc2 Bf7 53.Kg4 Kc7 54.Kf5 Kb6 55.Kxe5 Kxa5 56.Kd6 Nb3 57.e5 h6
58.Bf5 Nd4 59.Bd7 Bc4 60.Kc5 Ne6+  1/2-1/2

[Event "National Open"]
[Site "Las Vegas USA"]
[Date "2006.06.17"]
[Round "4"]
[White "Antic,De"]
[Black "Wang,Dr"]
[Result "1-0"]
[WhiteElo "2491"]
[BlackElo "2183"]

1.d4 e6 2.c4 Nf6 3.Nf3 Bb4+ 4.Bd2 Qe7 5.g3 Nc6 6.Nc3 O-O 7.Bg2 Bxc3 8.Bxc3 Ne4
9.Rc1 d6 10.O-O Nxc3 11.Rxc3 e5 12.d5 Nd8 13.b4 a5 14.Ra3 Ra6 15.Rxa5 Rxa5
16.bxa5 f5 17.Qb3 f4 18.c5 dxc5 19.d6+ Qe6 20.dxc7 Nf7 21.Qb6 e4 22.Nd2 Qxa2
23.Nxe4 Qxe2 24.gxf4 c4 25.Ng3 Qd2 26.Bxb7 c3 27.Bxc8 c2 28.Qc6 c1=Q 29.Qxc1 Qxc1
30.Rxc1 Rxc8 31.Rb1  1-0

[Event "Zudov Memorial"]
[Site "Nizhnij Tagil RUS"]
[Date "2006.06.20"]
[Round "1"]
[White "Ovetchkin,R"]
[Black "Maletin,P"]
[Result "1-0"]
[WhiteElo "2548"]
[BlackElo "2541"]

1.d4 Nf6 2.Nf3 e6 3.c4 Bb4+ 4.Bd2 Qe7 5.g3 Nc6 6.Nc3 Bxc3 7.Bxc3 Ne4 8.Rc1 O-O
9.Bg2 d6 10.O-O e5 11.d5 Nxc3 12.Rxc3 Nb8 13.b4 a5 14.Ra3 Bg4 15.Nd2 Nd7
16.Rxa5 Rxa5 17.bxa5 f5 18.Nb3 f4 19.Qd2 f3 20.exf3 Bxf3 21.Bxf3 Rxf3 22.Qb4 e4
23.Nd4 Rd3 24.Ne6 Nc5 25.Nxc5 dxc5 26.Qxb7 g6 27.a6 e3 28.d6  1-0

[Event "20th Open"]
[Site "Pula CRO"]
[Date "2006.06.20"]
[Round "3"]
[White "Medic,Milj"]
[Black "Krumpacnik,D"]
[Result "0-1"]
[WhiteElo "2262"]
[BlackElo "2385"]

1.d4 Nf6 2.c4 e6 3.Nf3 Bb4+ 4.Bd2 Qe7 5.g3 O-O 6.Bg2 Bxd2+ 7.Nbxd2 d6 8.e4 e5
9.d5 Bg4 10.O-O a5 11.Qc2 Bxf3 12.Nxf3 Na6 13.Nd2 c6 14.Rae1 cxd5 15.exd5 Qc7
16.f4 Qb6+ 17.Kh1 Ng4 18.Ne4 f5 19.Qe2 exf4 20.Ng5 Ne3 21.Rxf4 Rae8 22.Bh3 Nc7
23.Ne4 Nexd5 24.cxd5 Rxe4 25.Rxe4 fxe4 26.Qxe4 Re8 27.Qb1 Qb5 28.Rxe8+ Qxe8
29.Bg2 Qe5 30.Qc1 b5 31.Qd2 b4 32.Bf3 Nb5 33.Kg2 Kf7 34.h4 Kf6 35.Kh2 Nd4
36.Bg2 Nf5 37.Qf2 Kg6 38.Kh3 Ne3 39.Qd2 Qf5+ 40.Kh2 Ng4+ 41.Kg1 h6 42.Qe2 Qb1+
43.Bf1 Ne5 44.b3 Kf6 45.Kg2 Qf5 46.Kh1 Qf3+ 47.Kh2 Ng4+ 48.Kh3 Nf2+  0-1

[Event "Zudov Memorial"]
[Site "Nizhnij Tagil RUS"]
[Date "2006.06.24"]
[Round "5"]
[White "Lysyj,I"]
[Black "Dzhumadulaev,K"]
[Result "1-0"]
[WhiteElo "2527"]
[BlackElo "2288"]

1.d4 Nf6 2.c4 e6 3.Nf3 Bb4+ 4.Bd2 Qe7 5.g3 Nc6 6.Nc3 Bxc3 7.Bxc3 Ne4 8.Rc1 O-O
9.Bg2 d6 10.O-O Nxc3 11.Rxc3 e5 12.d5 Nd8 13.Nd2 f5 14.c5 f4 15.cxd6 cxd6
16.Qc2 Bf5 17.Be4 Bxe4 18.Nxe4 fxg3 19.hxg3 Qf7 20.Rc7 Qg6 21.Qd3 Rf4 22.f3 Rf7
23.Rfc1 h5 24.Qd2 Rxc7 25.Rxc7 Nf7 26.Rxb7 Rc8 27.Kg2 a5 28.Ra7 Rc4 29.Ra8+ Kh7
30.Qd3 Rd4 31.Ng5+ Kh6 32.Nxf7+ Qxf7 33.Rh8+ Kg5 34.f4+ Kf6 35.fxe5+ dxe5
36.Qa6+ Kg5 37.Qxa5 Rxd5 38.Qc3 Qf5 39.Qe3+ Kg6 40.Qb6+ Kg5 41.Qe3+ Kg6 42.Qb6+ Kg5
43.Qb4 Rd7 44.Rf8 Rf7 45.Qd2+ Kg4 46.Qb4+ Kg5 47.Qd2+ Kg4 48.Rxf7 Qxf7 49.Qe3 Qxa2
50.Qxe5 Qa8+ 51.Kh2 Qf8 52.Qd4+ Kg5 53.b4 Qe8 54.Qd2+ Kg6 55.Qd3+ Kh6 56.b5 h4
57.gxh4 Qe5+ 58.Kg2 Qe6 59.Qf3 Qg6+ 60.Kf2 Qb1 61.Qe3+  1-0

[Event "Zudov Memorial"]
[Site "Nizhnij Tagil RUS"]
[Date "2006.06.24"]
[Round "5"]
[White "Vokarev,S"]
[Black "Maletin,P"]
[Result "1/2-1/2"]
[WhiteElo "2489"]
[BlackElo "2541"]

1.d4 Nf6 2.c4 e6 3.Nf3 Bb4+ 4.Bd2 a5 5.Nc3 d5 6.e3 O-O 7.Bd3 b6 8.O-O Ba6
9.Qe2 Nbd7 10.Rfc1 Rc8 11.a3 Bxc3 12.Bxc3 c5 13.b3 cxd4 14.exd4 a4 15.Bb4 Re8
16.bxa4 dxc4 17.Bxc4 Rxc4 18.Rxc4 Qa8 19.Be1 Bxc4 20.Qxc4 Rc8 21.Qb5 Qe4
22.a5 bxa5 23.Bxa5 Rb8 24.Qc4 Nd5 25.Bd2 h6 26.Re1 N5b6 27.Qb3 Qa8 28.Bf4 Rc8
29.Rc1 g5 30.Rxc8+ Qxc8 31.Be3 Qa6 32.h3 Nc4 33.Bc1 Qc6 34.Qc2 Qd5 35.Qb3 Ndb6
36.Qd3 e5 37.Qf5 exd4 38.Qxd5 Nxd5 39.Nxd4 Nc3 40.Kh2 Na2 41.Nb3  1/2-1/2

[Event "DS IM"]
[Site "Brno CZE"]
[Date "2006.06.30"]
[Round "1"]
[White "Marszalek,Mac"]
[Black "Jakubowski,K"]
[Result "1/2-1/2"]
[WhiteElo "2401"]
[BlackElo "2498"]

1.d4 Nf6 2.c4 e6 3.Nf3 Bb4+ 4.Bd2 Qe7 5.g3 Bxd2+ 6.Nbxd2 d6 7.Bg2 e5 8.e3 O-O
9.Qc2 Re8 10.dxe5 dxe5 11.O-O Nc6 12.Ng5 Nb4 13.Qc3  1/2-1/2

[Event "II Balazs-Diak Cup U-18"]
[Site "Balatonlelle HUN"]
[Date "2006.07.04"]
[Round "4"]
[White "Rombaldoni,D"]
[Black "Gonda,L"]
[Result "1/2-1/2"]
[WhiteElo "2322"]
[BlackElo "2465"]

1.d4 Nf6 2.c4 e6 3.Nf3 Bb4+ 4.Bd2 Qe7 5.g3 Nc6 6.Bg2 Bxd2+ 7.Nbxd2 d6 8.e4 a5
9.O-O e5 10.d5 Nb8 11.Ne1 h5 12.h3 h4 13.g4 Nfd7 14.Nd3 Na6 15.Qa4 Nc5 16.Nxc5 dxc5
17.a3 Ra6 18.Rae1 O-O 19.Kh1 g5 20.f3 Nb6 21.Qc2 a4 22.Nb1 Bd7 23.Rf2 Nc8
24.Nc3 Nd6 25.Bf1 Rfa8 26.Kg1 Kg7 27.Rc1 Ra5 28.Nd1 Qf6 29.Qd2 R5a6 30.Qe3 b6
31.Rfc2 Nb7 32.Rc3 Na5 33.Kg2 Nb3 34.Rxb3 axb3 35.Qxb3 Qf4 36.Qe3 Qxe3 37.Nxe3 Kf6
38.Nd1 Ke7 39.Nc3 Rd8 40.Kf2 c6 41.Ke3 cxd5 42.Nxd5+ Kf8 43.Ra1 Bc6 44.b3 Bxd5
45.exd5 Rd6 46.Bd3 Ke7 47.a4 Rf6 48.Bf5 Kd6  1/2-1/2

[Event "Pivdenny Bank Geller Mem"]
[Site "Odessa UKR"]
[Date "2006.07.04"]
[Round "9"]
[White "Eingorn,V"]
[Black "Korchnoi,V"]
[Result "1-0"]
[WhiteElo "2595"]
[BlackElo "2607"]

1.c4 Nf6 2.Nf3 e6 3.d4 Bb4+ 4.Bd2 c5 5.Bxb4 cxb4 6.e3 O-O 7.Nbd2 d6 8.Bd3 Nc6
9.O-O e5 10.h3 Re8 11.Qc2 b3 12.Qb1 bxa2 13.Rxa2 Nb4 14.dxe5 dxe5 15.Ra3 Nxd3
16.Rxd3 Qc7 17.Rc3 Bd7 18.Re1 Rad8 19.e4 b6 20.Nf1 Bc6 21.Ng3 a5 22.Qc1 Kh8
23.Nh4 g6 24.Qg5 Ng8 25.Nf3 Re7 26.h4 f6 27.Qe3 Be8 28.Rb3 Rd6 29.Rc1 a4
30.Rbc3 Qc5 31.Nf1 Bc6 32.Ra3 Kg7 33.Qxc5 bxc5 34.Ne1 Rb7 35.Nd3 Rb8 36.Nxc5 Rxb2
37.Nxa4 Rb4 38.Nc5 Nh6 39.Ra7+ Nf7 40.Ne3 Be8 41.Nd5 Rb8 42.Na6 Rc8 43.c5 Re6
44.Nac7 Rc6 45.Nxe8+ Rxe8 46.Nb4 Rce6 47.c6 Kf8 48.g3 h5 49.Nd5 Rc8 50.c7 Kg7
51.Rb7 Nd6  1-0

[Event "56th ch-RUS w Top League"]
[Site "Orel RUS"]
[Date "2006.07.06"]
[Round "8"]
[White "Shumiakina,T"]
[Black "Kursova,M"]
[Result "1/2-1/2"]
[WhiteElo "2341"]
[BlackElo "2333"]

1.d4 Nf6 2.c4 e6 3.Nf3 Bb4+ 4.Bd2 c5 5.Bxb4 cxb4 6.g3 O-O 7.Bg2 d6 8.O-O Nc6
9.Qd3 e5 10.Nbd2 Qe7 11.d5 Nb8 12.e4 a5 13.a3 Na6 14.Ne1 Nd7 15.Nc2 f5 16.axb4 axb4
17.Qe2 Rb8 18.exf5 Rxf5 19.Nd4 Rf7 20.N4b3 Nf6 21.Rae1 Qc7 22.Rc1 Bg4 23.Qe3 b6
24.h3 Bd7 25.Ra1 Nc5 26.Nxc5 bxc5 27.g4 Rff8 28.f4 exf4 29.Rxf4 Rbe8 30.Qd3 Qd8
31.Raf1 Qe7 32.Qf3 h6 33.Qf2 Bc8 34.Be4 Nxe4 35.Rxf8+ Rxf8 36.Qxf8+ Qxf8
37.Rxf8+ Kxf8 38.Nxe4 Ke7 39.Kf2 Bd7 40.b3 Be8 41.h4 Bg6 42.Ke3 h5 43.g5 Bf5
44.Kf4 Bxe4  1/2-1/2

[Event "XXXII Open"]
[Site "Badalona ESP"]
[Date "2006.07.07"]
[Round "6"]
[White "Epishin,V"]
[Black "Vila Gazquez,Ja"]
[Result "1-0"]
[WhiteElo "2555"]
[BlackElo "2345"]

1.d4 Nf6 2.c4 e6 3.Nf3 Bb4+ 4.Bd2 Qe7 5.g3 Nc6 6.Nc3 Bxc3 7.Bxc3 Ne4 8.Rc1 O-O
9.Bg2 d6 10.d5 Nxc3 11.Rxc3 Nd8 12.dxe6 Nxe6 13.O-O a5 14.Re1 Nc5 15.Nd4 f5
16.Re3 Qd8 17.Nb3 f4 18.gxf4 Nxb3 19.Qxb3 a4 20.Qb5 c5 21.Bxb7 Bxb7 22.Qxb7 Rxf4
23.Re7 Qf8 24.Kh1 Rxf2 25.Rg1 g6 26.Rxh7 Rf6 27.Rh4 Qe8 28.Re4 Qf8 29.Rh4 Qe8
30.Rh7 Qf8 31.Rh3 Qe8 32.Rxg6+ Qxg6 33.Qxa8+ Rf8 34.Rg3  1-0

[Event "Open"]
[Site "Kavala GRE"]
[Date "2006.07.10"]
[Round "8"]
[White "Halkias,S"]
[Black "Rozentalis,E"]
[Result "1-0"]
[WhiteElo "2551"]
[BlackElo "2605"]

1.d4 Nf6 2.Nf3 e6 3.c4 Bb4+ 4.Bd2 Qe7 5.g3 Nc6 6.Nc3 Bxc3 7.Bxc3 Ne4 8.Rc1 d6
9.d5 Nxc3 10.Rxc3 Nd8 11.Qc2 b6 12.Bg2 Bb7 13.O-O e5 14.b4 O-O 15.e4 c5 16.bxc5 bxc5
17.Bh3 g6 18.Rb1 Bc8 19.Bxc8 Rxc8 20.h4 f5 21.exf5 gxf5 22.Rcb3 Qf6 23.Qd2 h6
24.h5 f4 25.Qd3 Rc7 26.Nh4 Rg7 27.Ng6 Re8 28.gxf4 Qxf4 29.Qe2 Qf5 30.Rb8 Kh7
31.R1b3 Reg8 32.Kf1 Rf7 33.Rg3 Rb7 34.Rxb7+ Nxb7 35.Ne7 Qb1+ 36.Kg2 Rg5 37.Rxg5 hxg5
38.Qg4 Na5 39.Qf3 Kg7 40.h6+  1-0

[Event "COQ"]
[Site "Montreal CAN"]
[Date "2006.07.11"]
[Round "5"]
[White "Kunte,A"]
[Black "Moiseenko,A1"]
[Result "1/2-1/2"]
[WhiteElo "2535"]
[BlackElo "2649"]

1.d4 Nf6 2.c4 e6 3.Nf3 Bb4+ 4.Bd2 c5 5.Bxb4 cxb4 6.g3 O-O 7.Bg2 d6 8.O-O a5
9.a3 Na6 10.axb4 Nxb4 11.Nc3 b6 12.Ne5 Rb8 13.Nd3 Nxd3 14.Qxd3 Ba6 15.b4 Qc7
16.Nb5 Bxb5 17.cxb5 axb4 18.Bc6 d5 19.Rfb1 Qe7 20.Ra4 Ne4 21.Raxb4 Qf6 22.f3 Nd6
23.Ra4 h5 24.e4 Qg6 25.Rd1 dxe4 26.fxe4 h4 27.Ra2  1/2-1/2

[Event "ch-Paris"]
[Site "Paris FRA"]
[Date "2006.07.15"]
[Round "8"]
[White "Chabanon,JL"]
[Black "Drasko,M"]
[Result "1/2-1/2"]
[WhiteElo "2404"]
[BlackElo "2521"]

1.d4 e6 2.c4 Nf6 3.Nf3 Bb4+ 4.Bd2 c5 5.Bxb4 cxb4 6.Qd3 d6 7.Nbd2 O-O 8.e4 Nc6
9.Be2 e5 10.O-O Bg4 11.d5 Ne7 12.a3 Qb6 13.axb4 Bxf3 14.Bxf3 Qxb4 15.Ra3 Qb6
16.b4 Nd7 17.Bg4 Nf6 18.Bh3 Ng6 19.g3 Qxb4 20.Rb1 Qc5 21.Rxb7 Rfb8 22.Rb5 Qxb5
23.Rc3 Nf8 24.Kg2 Nxe4 25.Bf5  1/2-1/2

[Event "Blue Sevan"]
[Site "Sevan ARM"]
[Date "2006.07.15"]
[Round "3"]
[White "Janjgava,L"]
[Black "Pashikian,A"]
[Result "1/2-1/2"]
[WhiteElo "2479"]
[BlackElo "2508"]

1.d4 Nf6 2.c4 e6 3.Nf3 Bb4+ 4.Bd2 c5 5.Bxb4 cxb4 6.g3 O-O 7.Bg2 d6 8.O-O Re8
9.a3 bxa3 10.Nxa3 Nc6 11.Nb5  1/2-1/2

[Event "3rd St Nikolay GM"]
[Site "Mionica SCG"]
[Date "2006.07.17"]
[Round "7"]
[White "Brkljaca,A"]
[Black "Popchev,M"]
[Result "1/2-1/2"]
[WhiteElo "2366"]
[BlackElo "2405"]

1.d4 Nf6 2.Nf3 e6 3.c4 Bb4+ 4.Bd2 Qe7 5.Bxb4 Qxb4+ 6.Nbd2 O-O 7.Qc2 c5 8.e3 cxd4
9.exd4 d5 10.c5 Nc6 11.Qc3  1/2-1/2

[Event "3rd ACT"]
[Site "Amsterdam NED"]
[Date "2006.07.18"]
[Round "4"]
[White "Ernst,S"]
[Black "Siebrecht,S"]
[Result "1/2-1/2"]
[WhiteElo "2504"]
[BlackElo "2414"]

1.d4 Nf6 2.Nf3 e6 3.c4 Bb4+ 4.Bd2 Qe7 5.g3 b6 6.Bg2 Bb7 7.O-O O-O 8.Bg5 h6
9.Bxf6 Qxf6 10.a3 Be7 11.Nc3 d6 12.Qd3 g6 13.Rfd1 Qg7 14.Qe3 Nd7 15.Rab1 a5
16.Ne1 Bxg2 17.Kxg2 Rae8 18.Qe4 Bd8 19.Qc6 f5 20.b4 axb4 21.axb4 f4 22.Nb5 fxg3
23.hxg3 Qf7 24.Qf3 Qg7 25.Qc6 Qf7 26.Qf3 Qg7 27.Qc6  1/2-1/2

[Event "Canadian Open"]
[Site "Kitchener CAN"]
[Date "2006.07.19"]
[Round "5"]
[White "Huzman,A"]
[Black "Gokhale,C"]
[Result "1-0"]
[WhiteElo "2585"]
[BlackElo "2371"]

1.d4 Nf6 2.c4 e6 3.Nf3 Bb4+ 4.Bd2 Qe7 5.g3 Nc6 6.Nc3 Bxc3 7.Bxc3 Ne4 8.Rc1 O-O
9.Bg2 d6 10.d5 Nxc3 11.Rxc3 Nb8 12.dxe6 fxe6 13.Nd4 e5 14.Nc2 c6 15.O-O a5
16.Qd2 Na6 17.Rd1 Rf6 18.Rf3 Rxf3 19.Bxf3 e4 20.Bg2 Bg4 21.Ne3 Bh5 22.g4 Bg6
23.Qxd6 Qh4 24.Bxe4 Bf7 25.Bf3 g6 26.Qe5 Re8 27.Qxa5  1-0

[Event "6th Open"]
[Site "Saint Chely d'Aubrac FRA"]
[Date "2006.07.20"]
[Round "7"]
[White "Sauvan,O"]
[Black "Sidibe,M"]
[Result "1-0"]
[WhiteElo "2017"]
[BlackElo "1815"]

1.d4 Nf6 2.c4 e6 3.Nf3 Bb4+ 4.Bd2 Qe7 5.a3 Bxd2+ 6.Nbxd2 d5 7.e3 O-O 8.Bd3 Nbd7
9.Rc1 c5 10.O-O Rd8 11.Re1 cxd4 12.exd4 dxc4 13.Nxc4 Nd5 14.Qc2 N7f6 15.Nce5 h6
16.h4 Qd6 17.g4 Nf4 18.g5 Nxd3 19.Qxd3 Nd5 20.gxh6 gxh6 21.Kh1 Qe7 22.Rg1+ Kf8
23.Qh7 Qf6 24.Rg8+ Ke7 25.Rxd8 Kxd8 26.Nxf7+ Ke8 27.Qg8+ Ke7 28.Qd8+ Kxf7
29.Ne5+ Kg7 30.Rg1+  1-0

[Event "Czech Open A"]
[Site "Pardubice CZE"]
[Date "2006.07.21"]
[Round "1"]
[White "Shalimov,V UKR"]
[Black "Moen,A"]
[Result "1/2-1/2"]
[WhiteElo "2426"]
[BlackElo "2236"]

1.d4 Nf6 2.Nf3 e6 3.c4 Bb4+ 4.Bd2 Bxd2+ 5.Qxd2 O-O 6.Nc3 d5 7.e3 b6 8.cxd5 Nxd5
9.e4 Nxc3 10.bxc3 c5 11.dxc5 bxc5 12.Qxd8 Rxd8 13.Rb1 Ba6 14.Bb5 Rd6 15.Ke2 Nd7
16.Ke3 Bxb5 17.Rxb5 Ra6 18.Rd1 Nf6 19.Rxc5 Rxa2 20.Ne5 Rxf2 21.Rc7 Rxg2 22.Rxa7 Rf8
23.Nd7 Nxd7 24.Rdxd7 Rxh2 25.c4 h5 26.c5 h4 27.c6 Rc2 28.c7 Kh7 29.Ra5 Rc8
30.Rxf7 R2xc7 31.Rh5+ Kg6 32.Rxc7 Rxc7 33.Rxh4 e5 34.Rh1 Rc3+ 35.Ke2 Rg3
36.Kf2 Rg4 37.Kf3 Kg5 38.Rh8 Rf4+ 39.Ke3 Rh4 40.Rg8 Rh3+ 41.Kf2 g6 42.Rg7 Ra3
43.Rg8 Kf4 44.Rxg6 Ra2+ 45.Ke1 Kxe4  1/2-1/2

[Event "Czech Open A"]
[Site "Pardubice CZE"]
[Date "2006.07.22"]
[Round "2"]
[White "Mickevicius,J"]
[Black "Chatalbashev,B"]
[Result "1/2-1/2"]
[WhiteElo "2246"]
[BlackElo "2507"]

1.d4 Nf6 2.c4 e6 3.Nf3 Bb4+ 4.Bd2 c5 5.e3 O-O 6.Bxb4 cxb4 7.Bd3 d6 8.O-O a5
9.Nbd2 Re8 10.Qc2 Nc6 11.Rfd1 h6 12.Ne4 Qe7 13.Rac1 Bd7 14.Nxf6+ Qxf6 15.Be4 Rac8
16.Qe2 Rc7 17.h3 e5 18.dxe5 dxe5 19.Rd2 Bf5 20.Bxf5 Qxf5 21.Rcd1 a4 22.e4 Qc8
23.Rd5 Rce7 24.Qe3 Qc7 25.Qc5 Ra8 26.Qe3 Rae8 27.b3 Ra8 28.Nh4 axb3 29.axb3 Re6
30.Nf5 Qb8 31.Rd7 Qa7 32.Qg3 Rg6 33.Qf3 Rf8 34.Ne7+ Nxe7 35.Rxe7 Rf6 36.Qg3 Qa2
37.Rxe5 Qc2 38.Re1 Ra8 39.Rf5 Rxf5 40.exf5 Qxf5 41.Re5 Qf6 42.Re3 h5 43.Rf3 Qe7
44.Re3 Qf6 45.Rf3 Qe6 46.Rf4 b6  1/2-1/2

[Event "32nd Open"]
[Site "Sitges ESP"]
[Date "2006.07.22"]
[Round "2"]
[White "Epishin,V"]
[Black "Prasanna,Ra"]
[Result "1-0"]
[WhiteElo "2555"]
[BlackElo "2104"]

1.d4 Nf6 2.c4 e6 3.Nf3 Bb4+ 4.Bd2 c5 5.Bxb4 cxb4 6.Qd3 O-O 7.Nbd2 a5 8.e4 d6
9.Be2 b6 10.O-O Bb7 11.Rfe1 Nbd7 12.Bd1 e5 13.Nf1 Qc7 14.Ba4 Rfd8 15.Ng3 Nf8
16.Rad1 Ne6 17.Bb5 g6 18.a3 bxa3 19.bxa3 Rac8 20.Qc3 exd4 21.Nxd4 Nxd4 22.Qxd4 Ng4
23.Nf1 Qc5 24.f3 Ne5 25.Ne3 Bc6 26.a4 Bxb5 27.cxb5 Qxd4 28.Rxd4 Kf8 29.Red1 Ke8
30.f4 Nd7 31.Nc4 Rc7 32.Nxd6+ Ke7 33.e5 Ke6 34.Nc4 Rb8 35.Ne3 Rcb7 36.Rd6+ Ke7
37.Nd5+ Kf8 38.Rc6 Nc5 39.Nxb6 Rxb6 40.Rxc5 R8b7 41.Rd6 Rxd6 42.exd6 Rd7
43.b6 Rb7 44.Rxa5 Kg7 45.Rd5  1-0

[Event "3rd ACT"]
[Site "Amsterdam NED"]
[Date "2006.07.23"]
[Round "9"]
[White "Van Vliet,J"]
[Black "Bensdorp,M"]
[Result "1/2-1/2"]
[WhiteElo "2250"]
[BlackElo "2290"]

1.d4 e6 2.c4 Nf6 3.Nf3 Bb4+ 4.Bd2 a5 5.a3 Be7 6.Nc3 d5 7.Bg5 c6 8.e3 O-O
9.Qc2 Nbd7 10.Bd3 Re8 11.O-O h6 12.Bh4 dxc4 13.Bxc4 b5 14.Be2 Bb7 15.Rfd1 Qb6
16.Ne5 Rad8 17.Nxd7 Nxd7 18.Bxe7 Rxe7 19.b4 axb4 20.axb4 e5 21.d5 Nf6 22.dxc6 Rxd1+
23.Rxd1 Bxc6 24.h3  1/2-1/2

[Event "Czech Open A"]
[Site "Pardubice CZE"]
[Date "2006.07.23"]
[Round "3"]
[White "Beck,F"]
[Black "Olszewski,Mi"]
[Result "1-0"]
[WhiteElo "2284"]
[BlackElo "2410"]

1.d4 Nf6 2.c4 e6 3.Nf3 Bb4+ 4.Bd2 Qe7 5.a3 Bxd2+ 6.Nbxd2 d6 7.e3 O-O 8.Qc2 e5
9.Bd3 Re8 10.dxe5 dxe5 11.Ng5 g6 12.h4 Ng4 13.Ndf3 f5 14.c5 h6 15.Nh3 Be6
16.h5 e4 17.Bxe4 fxe4 18.Qxe4 Bf7 19.Qxg4 g5 20.Nhxg5 hxg5 21.Nxg5 Qe5 22.Rh3 Nc6
23.Rf3 Bd5 24.h6 Qxb2 25.Nf7+ Kf8 26.Ne5+ Bxf3 27.Qg7+  1-0

[Event "Czech Open A"]
[Site "Pardubice CZE"]
[Date "2006.07.24"]
[Round "4"]
[White "Malinin,V"]
[Black "Haba,P"]
[Result "0-1"]
[WhiteElo "2404"]
[BlackElo "2514"]

1.d4 Nf6 2.c4 e6 3.Nf3 Bb4+ 4.Bd2 Qe7 5.Nc3 b6 6.e3 Bb7 7.Bd3 O-O 8.O-O d6
9.Re1 Bxc3 10.Bxc3 Ne4 11.Qc2 Nxc3 12.bxc3 g6 13.e4 e5 14.h4 Nc6 15.Rab1 Qf6
16.d5 Na5 17.Re3 Rac8 18.h5 c6 19.Nd2 Ba6 20.Rg3 Rc7 21.Rf1 cxd5 22.exd5 Nxc4
23.Ne4 Qf4 24.Qe2 f5 25.Ng5 Bc8 26.hxg6 hxg6 27.Nh3 Qh6 28.Bxc4 f4 29.Rf3 g5
30.Bb3 g4 31.Rd3 gxh3 32.g3 Bf5 33.Rdd1 h2+ 34.Kh1 Bh3 35.gxf4 Bg2+ 36.Kxg2 h1=Q+
37.Rxh1 Rg7+  0-1

[Event "32nd Open"]
[Site "Sitges ESP"]
[Date "2006.07.25"]
[Round "5"]
[White "Vigo Allepuz,D"]
[Black "Ramesh,R"]
[Result "0-1"]
[WhiteElo "2105"]
[BlackElo "2490"]

1.d4 Nf6 2.c4 e6 3.Nf3 Bb4+ 4.Bd2 c5 5.Bxb4 cxb4 6.a3 bxa3 7.Rxa3 O-O 8.Nc3 d6
9.e3 Qe7 10.Be2 e5 11.c5 dxc5 12.dxe5 Nfd7 13.Nd5 Qd8 14.Nf4 Nc6 15.e6 Nb6
16.exf7+ Rxf7 17.Qc1 Qe7 18.Rc3 Bg4 19.Kf1 Re8 20.h3 Bxf3 21.Bxf3 Ne5 22.Bd5 Nxd5
23.Nxd5 Qd6 24.e4 Qa6+ 25.Kg1 Nd3 26.Rxd3 Qxd3 27.f3 Qd4+ 28.Kh2 Qe5+  0-1

[Event "Czech Open A"]
[Site "Pardubice CZE"]
[Date "2006.07.26"]
[Round "6"]
[White "Evdokimov,Alexa"]
[Black "Stocek,J"]
[Result "0-1"]
[WhiteElo "2500"]
[BlackElo "2561"]

1.d4 Nf6 2.c4 e6 3.Nf3 Bb4+ 4.Bd2 a5 5.g3 d6 6.Bg2 Nbd7 7.O-O e5 8.Nc3 c6
9.Qc2 O-O 10.Be3 Re8 11.dxe5 dxe5 12.Rad1 h6 13.Na4 Bf8 14.h3 Qc7 15.Nd2 b6
16.Ne4 Rb8 17.f4 Nxe4 18.Qxe4 Bb7 19.Qf5 Bc8 20.Qe4 Bb7 21.f5 b5 22.Nc3 b4
23.Nb1 c5 24.Qc2 Bxg2 25.Kxg2 Qc6+ 26.Kh2 Nf6 27.Nd2 Bd6 28.Nf3 e4 29.Nh4 Nh5
30.Bf4 Bxf4 31.gxf4 Rbd8 32.Ng2 Nf6 33.Rd2 Qc8 34.Rxd8 Rxd8 35.Rd1 Re8 36.Qa4 e3
37.Qxa5 Kh7 38.Qa7 Qxf5 39.Qxf7 Ng4+  0-1

[Event "Czech Open A"]
[Site "Pardubice CZE"]
[Date "2006.07.26"]
[Round "6"]
[White "Jaracz,P"]
[Black "Kubala,M"]
[Result "1/2-1/2"]
[WhiteElo "2485"]
[BlackElo "2405"]

1.Nf3 Nf6 2.d4 e6 3.c4 Bb4+ 4.Bd2 Bxd2+ 5.Qxd2 b6 6.Nc3 Bb7 7.d5 c6 8.e4 cxd5
9.exd5 O-O 10.Be2 exd5 11.cxd5 d6 12.O-O Na6 13.Nd4 Nc7 14.Bf3 Qd7 15.Nc2 Rac8
16.Ne3 Rfe8 17.a4 Ba8 18.Qd4 Re5 19.Rfc1 Rb8 20.a5 bxa5 21.Qxa7 Rd8 22.Rxa5 g5
23.Ne4 Nce8 24.Nxf6+ Nxf6 25.Qxd7 Nxd7 26.Nc4 Re7 27.Rca1 Bb7 28.h4 Ne5 29.Nxe5 dxe5
30.hxg5 e4 31.Be2 Bxd5 32.Rd1 Red7 33.b4 Kg7 34.Bb5 Rd6 35.Ra6 Rxa6 36.Bxa6 Ra8
37.b5 Bc4 38.Rd4 Bd3 39.Kh2 Re8 40.Kg3 Re5 41.Kf4 Rc5 42.Ra4 Rc2 43.f3 Rxg2
44.fxe4 Rb2 45.b6 Bc2 46.Ra1 Rxb6 47.Bc4 Rb7 48.Bd5 Re7 49.Ke3 h6 50.Ra2 Bd1  1/2-1/2

[Event "10th Battle of Senta 1697 Open"]
[Site "Senta SCG"]
[Date "2006.07.26"]
[Round "7"]
[White "Ikras,D"]
[Black "Rogac,S"]
[Result "1/2-1/2"]
[WhiteElo "2138"]
[BlackElo "2329"]

1.d4 Nf6 2.c4 e6 3.Nf3 Bb4+ 4.Bd2 Qe7 5.g3 O-O 6.Bg2 Bxd2+ 7.Nbxd2 d6 8.O-O e5
9.e4 Bg4 10.d5 c6 11.b4 a5 12.a3 Na6 13.Qb3 axb4 14.axb4 c5 15.b5 Nb4 16.h3 Bxf3
17.Bxf3 Rfb8 18.Ra4 b6 19.Rfa1 Qb7 20.Nf1 g6 21.Ne3 Kg7 22.Bg2 Ne8 23.h4 Nf6
24.f3  1/2-1/2

[Event "Czech Open A"]
[Site "Pardubice CZE"]
[Date "2006.07.27"]
[Round "7"]
[White "Marszalek,Mac"]
[Black "Varnavski,S"]
[Result "1/2-1/2"]
[WhiteElo "2407"]
[BlackElo "2244"]

1.d4 Nf6 2.c4 e6 3.Nf3 Bb4+ 4.Bd2 a5 5.g3 O-O 6.Bg2 d6 7.O-O Nc6 8.Bg5 a4
9.a3 Ba5 10.Qxa4 Bd7 11.Qc2 h6 12.Bd2 Bxd2 13.Nbxd2 e5 14.d5 Ne7 15.e4 Nh5
16.c5 f5 17.cxd6 cxd6 18.exf5 Bxf5 19.Qb3 Nf6 20.Nh4 Bh7 21.Bh3 Kh8 22.Be6 b5
23.Ng2 Qa5 24.Rfd1 Nf5 25.Bxf5 Bxf5 26.Ne3 Bg6 27.Rac1 Bh5 28.f3 Nh7 29.Kg2 e4
30.Qc3 exf3+ 31.Kf2 Qa7 32.Qc7 Ng5 33.Qxa7 Nh3+ 34.Kf1 Rxa7 35.g4 Bg6 36.Rc3 Re7
37.Nf5 Re2 38.Rxf3 Rxh2 39.Ne4 h5 40.Rxh3 Rxh3 41.Kg2 hxg4 42.Nfxd6 Rb3 43.Rd2 Rd8
44.Nc5 Rxb2 45.Rxb2 Rxd6 46.Rxb5 Rxd5 47.Rb8+ Kh7 48.Ne6 Bf7 49.Nf4 Ra5 50.Rb7 Bg6
51.Nxg6 Kxg6 52.Rb3 Kh5 53.Kg3 Rc5 54.a4  1/2-1/2

[Event "Czech Open A"]
[Site "Pardubice CZE"]
[Date "2006.07.28"]
[Round "8"]
[White "Kovacevic,B"]
[Black "Krumpacnik,D"]
[Result "0-1"]
[WhiteElo "2490"]
[BlackElo "2385"]

1.d4 Nf6 2.Nf3 e6 3.c4 Bb4+ 4.Bd2 Qe7 5.g3 O-O 6.Bg2 Bxd2+ 7.Qxd2 d6 8.O-O e5
9.Nc3 c6 10.e4 a5 11.h3 Na6 12.Rad1 Re8 13.Nh4 Be6 14.b3 Rad8 15.f4 exd4
16.Qxd4 Nc5 17.Rfe1 Bc8 18.Kh2 h6 19.Qf2 Na6 20.Nf3 Qc7 21.Kh1 Re7 22.Qd4 Ree8
23.Nh2 Nc5 24.Nf1 b6 25.Rb1 Bb7 26.Kh2 Re7 27.Nd2 Rde8 28.Red1 Ncxe4 29.Ndxe4 Nxe4
30.Bxe4 c5 31.Qxd6 Bxe4 32.Qxc7 Rxc7 33.Rb2 Bf3 34.Rd3 Bc6 35.Re2 Rxe2+ 36.Nxe2 Rd7
37.Rxd7 Bxd7 38.Nc3 Bc6 39.g4 g5 40.Kg3 f6 41.a4 Kf7 42.Nd1 Be4 43.Ne3 Ke6
44.h4 Kd6 45.h5 Ke6 46.fxg5 fxg5 47.Nf1 Bc2 48.Nd2 Ke5 49.Kf3 Bd1+  0-1

[Event "MTO Open"]
[Site "Biel SUI"]
[Date "2006.07.30"]
[Round "6"]
[White "Klauser,M"]
[Black "Rashkovsky,N"]
[Result "1/2-1/2"]
[WhiteElo "2402"]
[BlackElo "2512"]

1.d4 Nf6 2.c4 e6 3.Nf3 Bb4+ 4.Bd2 a5 5.g3 d6 6.Bg2 Qe7 7.O-O Bxd2 8.Qxd2 e5
9.Nc3 O-O 10.h3 a4 11.e4 Nc6 12.Rfe1 Re8 13.Rad1 Nd7 14.Nd5 Qd8 15.Qc3 f6
16.Ne3 exd4 17.Nxd4 Nxd4 18.Qxd4 Nc5 19.f4 Bd7 20.Kh2 Kh8  1/2-1/2